Statistics for SNL Guest Hosts - Season 31

Click here to take the quiz!

General Stats

  • This quiz has been taken 12 times
  • The average score is 10 of 19

Answer Stats

Premiere DateFamous ForMusical GuestGuest Host% Correct
October 1, 2005The Office, The 40 Year Old Virgin, Despicable MeKanye WestSteve Carell
90%
May 6, 2006Sully, The Da Vinci Code, BigRed Hot Chili PeppersTom Hanks
90%
December 10, 2005The Boss Baby, 30 Rock, It's ComplicatedShakiraAlec Baldwin
80%
October 29, 2005Former 7-time Tour de France winnerSheryl CrowLance Armstrong
80%
March 4, 2006Star Wars: Episode I - The Phantom Menace, Jackie, Black SwanFall Out BoyNatalie Portman
80%
February 4, 2006Cheaper By the Dozen, The Jerk, The Man with Two BrainsPrinceSteve Martin
80%
December 17, 2005Kung Fu Panda, Goosebumps, School of RockNeil YoungJack Black
70%
May 13, 2006Seinfeld, The New Adventures of Old Christine, PlanesPaul SimonJulia Louis-Dreyfus
70%
April 8, 2006Shrek 2, The Spongebob Movie: Sponge Out of Water, AssassinsMary J. BligeAntonio Banderas
60%
May 20, 2006House of Cards, Nine Lives, Superman ReturnsNelly FurtadoKevin Spacey
60%
October 8, 2005Napoleon Dynamite, The Benchwarmers, School for ScoundrelsAshlee SimpsonJon Heder
50%
October 22, 20051001 Nights, The Darling Buds of May, The Mask of ZorroFranz FerdinandCatherine Zeta-Jones
40%
November 19, 2005The Young and the Restless, Desperate Housewives, Harsh TimesKornEva Longoria
40%
November 12, 2005My Name is Earl, Alvin and the Chipmunks, The IncrediblesFoo FightersJason Lee
40%
January 14, 2006The Avengers, The Jungle Book, Ghost in the ShellDeath Cab for CutieScarlett Johansson
40%
December 3, 2005Mystery Men, Waiting..., Employee of the MonthJames BluntDane Cook
30%
April 13, 2006A Prairie Home Companion, Bobby, Chapter 27Pearl JamLindsay Lohan
10%
March 11, 2006Over the Edge, My Bodyguard, Little DarlingsArctic MonkeysMatt Dillon
0%
January 21, 2006Dead Man Walking, Another Day in Paradise, Desert BlueThe StrokesPeter Sarsgaard
0%

Score Distribution

Percentile by Number Answered

Percent of People with Each Score

Your Score History

You have not taken this quiz